000 00717nam a2200229 i 4500
001 000046150
003 DO-SdBNP
005 20250422102527.0
007 ta
008 150629s2005 dr a 000 0 spa d
040 _aDO-SdBNP
_bspa
_cBNPHU
_erda
082 4 _axxx
_bxxx
_222
100 1 _aBarinas Coiscou, Sócrates,
_d1916-2021
_eautor
_4aut.
_924379
245 1 0 _aCuentos que no son cuentos /
_cSócrates Barinas Coiscou.
264 1 _aSanto Domingo :
_bImprenta Paz,
_c2005.
300 _a113 páginas :
_bilustraciones ;
_c23 cm.
336 _atexto
_btxt
_2rdacontent
337 _asin mediación
_bn
_2rdamedia
338 _avolumen
_bnc
_2rdacarrier
590 _aInventariado, 2025/BT
942 _2ddc
_cLBS1
999 _c45639
_d45639